A Western awakening to Islam / (Record no. 20377)

MARC details
000 -LEADER
fixed length control field 00801cam a2200253 i 4500
001 - CONTROL NUMBER
control field 896863
003 - CONTROL NUMBER IDENTIFIER
control field BDDh-ASL
005 - DATE AND TIME OF LATEST TRANSACTION
control field 20231015025900.0
008 - FIXED-LENGTH DATA ELEMENTS--GENERAL INFORMATION
fixed length control field 820210r19791914pk b 000 0 eng
010 ## - LIBRARY OF CONGRESS CONTROL NUMBER
LC control number 80930465
020 ## - INTERNATIONAL STANDARD BOOK NUMBER
Terms of availability Rs15.00
040 ## - CATALOGING SOURCE
Original cataloging agency DLC
Transcribing agency DLC
Modifying agency DLC
-- OCoLC
-- BDDh-ASL
050 00 - LIBRARY OF CONGRESS CALL NUMBER
Classification number BP161
Item number .H4 1979
082 00 - DEWEY DECIMAL CLASSIFICATION NUMBER
Classification number 297.09
Edition number 19
Item number HEW
100 1# - MAIN ENTRY--PERSONAL NAME
Personal name Headley, Rowland George Allanson-Winn,
Titles and words associated with a name Baron,
Dates associated with a name 1855-1935
245 12 - TITLE STATEMENT
Title A Western awakening to Islam /
Statement of responsibility, etc. by Lord Headley.
260 ## - PUBLICATION, DISTRIBUTION, ETC.
Place of publication, distribution, etc. Lahore :
Name of publisher, distributor, etc. Premier Book House,
Date of publication, distribution, etc. [1979?]
300 ## - PHYSICAL DESCRIPTION
Extent 145 p. ;
Dimensions 18 cm.
500 ## - GENERAL NOTE
General note Reprint of the 1914 ed. published by J.S. Phillips, London.
504 ## - BIBLIOGRAPHY, ETC. NOTE
Bibliography, etc. note Includes bibliographical references.
650 #0 - SUBJECT ADDED ENTRY--TOPICAL TERM
Topical term or geographic name entry element Islam.
906 ## - LOCAL DATA ELEMENT F, LDF (RLIN)
a 7
b cbc
c orignew
d 4
e ncip
f 19
g y-gencatlg
942 ## - ADDED ENTRY ELEMENTS (KOHA)
Source of classification or shelving scheme Dewey Decimal Classification
Koha item type Books
Holdings
Withdrawn status Lost status Source of classification or shelving scheme Damaged status Not for loan Collection code Home library Current library Shelving location Date acquired Source of acquisition Total Checkouts Full call number Barcode Date last seen Copy number Price effective from Koha item type
    Dewey Decimal Classification     Non-fiction Asiatic Society Library Asiatic Society Library General Stacks 12/30/2020 ASB Collection   297.09 HEW 103813 12/30/2020 C-1 12/30/2020 Books

Powered by Koha